مكتبة جامعة عجلون الوطنية

فهرس بحث المكتبة

Normal view MARC view
  • تاليف القرطبي، ابن مضاء؛تحقيق شوقي ضيف

Entry Personal Name

Number of records used in: 1

001 - CONTROL NUMBER

  • control field: 40203

003 - CONTROL NUMBER IDENTIFIER

  • control field: JO-AjAnu

005 - DATE AND TIME OF LATEST TRANSACTION

  • control field: 20230606080659.0

008 - FIXED-LENGTH DATA ELEMENTS

  • fixed length control field: 230606|| aca||aabn | a|a d

040 ## - CATALOGING SOURCE

  • Original cataloging agency: JO-AjAnu
  • Transcribing agency: JO-AjAnu

100 ## - HEADING--PERSONAL NAME

  • Personal name: تاليف القرطبي، ابن مضاء؛تحقيق شوقي ضيف

670 ## - SOURCE DATA FOUND

  • Source citation: Work cat.: (JO-AjAnu)20609: تاليف القرطبي، ابن مضاء؛تحقيق شوقي ضيف, author, كتاب الرد على النحاة